|
|
|
|
| LEADER |
00000cam a2200000 a 4500 |
| 001 |
vtls010310399 |
| 003 |
SK-MaSNL |
| 005 |
20260301032033.0 |
| 008 |
240313s2011 xr a j 000 jbslo |
| 015 |
|
|
|a SNBZSA2015
|
| 020 |
|
|
|a 9788000028415
|q (viaz.)
|
| 035 |
|
|
|a 17020508-4B2D-432D-9FFC-085DC06278AE
|
| 035 |
|
|
|a urn:nbn:sk:snk-aml0ki
|
| 035 |
|
|
|a urn:nbn:sk:snk-am008np7
|
| 040 |
|
|
|a SNK
|b slo
|c SNK
|e AACR2
|
| 041 |
1 |
|
|a slo
|h cze
|
| 044 |
|
|
|a xr
|c CZ
|
| 072 |
|
7 |
|a 821.162.3
|x Česká literatúra
|2 konspekt
|
| 072 |
|
7 |
|a 821-93
|x Literatúra pre deti a mládež (beletria)
|2 konspekt
|
| 072 |
|
7 |
|a 929
|x Biografie
|2 konspekt
|
| 080 |
|
|
|a 821.162.3-32
|2 2001
|
| 080 |
|
|
|a 821-93
|2 2001
|
| 080 |
|
|
|a (092)
|2 2001
|
| 080 |
|
|
|a (0:82-32)
|2 2001
|
| 100 |
1 |
|
|a Čapková, Blanka,
|d 1955-
|4 aut
|9 328609
|
| 240 |
1 |
0 |
|a Babi, ty máš nápady
|l Slovensky
|
| 245 |
1 |
0 |
|a Babi, ty máš nápady!
|c Blanka Čapková ; ilustroval David Böhm ; [do slovenčiny preložila Milica Matejková]
|
| 250 |
|
|
|a 1. slov. vyd.
|
| 260 |
|
|
|a V Prahe
|b Albatros
|c 2011
|
| 300 |
|
|
|a 107 s.
|b ilustr.
|c 2011
|
| 521 |
1 |
|
|a Pre čitateľov od 9 rokov
|
| 655 |
|
7 |
|a české príbehy
|2 SNKPH
|9 70773
|
| 655 |
|
7 |
|a publikácie pre deti
|2 SNKPH
|9 70148
|
| 655 |
|
7 |
|a biografie
|2 SNKPH
|9 27965
|
| 655 |
|
7 |
|a Czech stories
|2 SNKPHeng
|9 319629
|
| 655 |
|
7 |
|a Children's literature
|2 SNKPHeng
|9 276039
|
| 655 |
|
7 |
|a Biography
|2 SNKPHeng
|9 266314
|
| 700 |
1 |
|
|a Böhm, David,
|d 1982-
|4 ill
|9 164157
|
| 700 |
1 |
|
|a Matejková, Milica
|4 trl
|9 66400
|
| 752 |
|
|
|a Česko
|d Praha
|
| 919 |
|
|
|a 978-80-00-02841-5
|
| 958 |
|
|
|a ZS
|
| 958 |
|
|
|a DB
|
| 958 |
|
|
|a LX
|
| 958 |
|
|
|a UP
|
| 958 |
|
|
|a BC
|
| 999 |
|
|
|c 577720
|d 579650
|
| 952 |
|
|
|a SNK
|b SNK
|y PREZ
|7 0
|p 17A1156923
|o snkSC 164581
|i snk2015/14178
|8 4
|g 8.25
|0 0
|1 0
|4 0
|d 2015-04-08
|f 1
|l 0
|r 2025-08-28 00:00:00
|w 2026-02-23
|